| 000 | 01274nam a22002657a 4500 | ||
|---|---|---|---|
| 003 | OSt | ||
| 005 | 20240712114123.0 | ||
| 008 | 231026t1964 ck er 000 0 spa d | ||
| 020 | _a9498247267 | ||
| 037 | _3Donación | ||
| 040 |
_aCO-JMCR _cCO-JMCR _dCO-JMCR _bspa _erda |
||
| 041 | 0 | _aspa | |
| 082 | 0 | 4 |
_aA-C _bMENc |
| 100 | 1 |
_aMentón, Seymour, _eautor _943403 |
|
| 245 | 1 | 3 |
_aEl cuento hispanoamericano 2 / _cSeymour Mentón. |
| 260 |
_aMéxico : _bFondo de Cultura Económica , _c©1964 |
||
| 300 |
_a331 páginas ; _c17 cm. |
||
| 490 | _aColeccion popular 51 | ||
| 500 | _aIncluye bibliografía | ||
| 505 | 0 | _aHoracio Quiroga, Uruguayo "El hombre muerto" -- Martín Luis Guzmán, Mexicano "La fiesta delas balas" -- Jorge Ferretis, Mexicano "Hombres en tempestad" | |
| 520 | 3 | _aEste tomo comprende las ultimas corrientes que han enriquecido el cuento hispanoamericano: el criollismo, el cosmopolitismo y el neorrealismo; es decir, las manifestaciones posteriores a las tendencias modernistas que a fines del siglo XIX y a principios del actual remozaron métodos y técnicas en nuestra literatura. | |
| 650 | 1 | 4 |
_2JMCR _aLiteratura Hispanoamericana _vAntologías _943404 |
| 650 | 2 | 4 |
_aCuentos Hispanoamericanos _xHistoria y crítica _943405 |
| 942 |
_2ddc _cBK |
||
| 999 |
_c30305 _d16689 |
||